| 000 | 01085nam0a22003371 4500 | ||
|---|---|---|---|
| 001 | RU\NLR\A1SV\84154 | ||
| 005 | 20251203171251.9 | ||
| 035 | _a(NLR Aleph) 009765564 | ||
| 090 |
_a10035838 _c10035838 |
||
| 100 | _a20071228d1925 u y0rusy50 ca | ||
| 101 | 1 |
_arus _ceng |
|
| 102 | _aRU | ||
| 200 | 1 |
_aПолет сокола _d(The Trail of the hawk) _eРоман _fСинклер Льюис. Sinclair Lewis _gПер. с англ. А.М.Карнауховой |
|
| 210 |
_aЛ. _cМысль _d1925 |
||
| 215 |
_a303 с. _d17 см |
||
| 225 | _aБ-ка иностр. лит. | ||
| 620 | _dСанкт-Петербург | ||
| 700 | 1 |
_6z01790 _aЛьюис _bС. _f1885-1951 _gСинклер |
|
| 702 | 1 |
_aКарнаухова _bА.М. _f1877-1958 _gАлла Митрофановна |
|
| 790 | 1 |
_6z01700 _aLewis _bS. _gSinclair |
|
| 801 | 0 |
_aRU _bNLR _c20071228 |
|
| 852 |
_aNLR _j37.39.6.115 |
||
| 852 |
_aNLR _jЛ 60 В-3/476 |
||
| 899 | _aРГБ | ||
| 899 | _aНГОУНБ | ||
| 899 | _aРКП | ||
| 899 | _aКирОУНБ | ||
| 942 | _cBOOK | ||
| 980 | _aNB | ||
| 980 | _aA1SV | ||